<?xml version="1.0" encoding="UTF-8"?>
<record
    xmlns:xsi="http://www.w3.org/2001/XMLSchema-instance"
    xsi:schemaLocation="http://www.loc.gov/MARC21/slim http://www.loc.gov/standards/marcxml/schema/MARC21slim.xsd"
    xmlns="http://www.loc.gov/MARC21/slim">

  <leader>01192nam a2200181Ia 4500</leader>
  <datafield tag="952" ind1=" " ind2=" ">
    <subfield code="0">0</subfield>
    <subfield code="1">0</subfield>
    <subfield code="2">lcc</subfield>
    <subfield code="4">0</subfield>
    <subfield code="7">0</subfield>
    <subfield code="a">11</subfield>
    <subfield code="b">11</subfield>
    <subfield code="d">2007-01-08</subfield>
    <subfield code="l">1</subfield>
    <subfield code="o">NC1000 P6618 1985</subfield>
    <subfield code="p">11 004268</subfield>
    <subfield code="r">2013-09-19</subfield>
    <subfield code="s">2013-09-19</subfield>
    <subfield code="t">1</subfield>
    <subfield code="w">2012-06-26</subfield>
    <subfield code="y">LB</subfield>
  </datafield>
  <datafield tag="952" ind1=" " ind2=" ">
    <subfield code="0">0</subfield>
    <subfield code="1">0</subfield>
    <subfield code="2">lcc</subfield>
    <subfield code="4">0</subfield>
    <subfield code="7">0</subfield>
    <subfield code="a">11</subfield>
    <subfield code="b">11</subfield>
    <subfield code="d">2007-01-08</subfield>
    <subfield code="l">0</subfield>
    <subfield code="o">NC1000 P6618 1985</subfield>
    <subfield code="p">11 004270</subfield>
    <subfield code="r">2012-06-26</subfield>
    <subfield code="t">2</subfield>
    <subfield code="w">2012-06-26</subfield>
    <subfield code="y">LB</subfield>
  </datafield>
  <datafield tag="952" ind1=" " ind2=" ">
    <subfield code="0">0</subfield>
    <subfield code="1">0</subfield>
    <subfield code="2">lcc</subfield>
    <subfield code="4">0</subfield>
    <subfield code="7">0</subfield>
    <subfield code="a">11</subfield>
    <subfield code="b">11</subfield>
    <subfield code="d">2015-04-23</subfield>
    <subfield code="l">1</subfield>
    <subfield code="o">NC1000 P6618 1985</subfield>
    <subfield code="p">11 000370</subfield>
    <subfield code="r">2018-02-06</subfield>
    <subfield code="s">2018-02-06</subfield>
    <subfield code="t">2</subfield>
    <subfield code="w">2015-04-23</subfield>
    <subfield code="y">LB</subfield>
  </datafield>
  <datafield tag="952" ind1=" " ind2=" ">
    <subfield code="0">0</subfield>
    <subfield code="1">0</subfield>
    <subfield code="2">lcc</subfield>
    <subfield code="4">0</subfield>
    <subfield code="7">0</subfield>
    <subfield code="a">11</subfield>
    <subfield code="b">11</subfield>
    <subfield code="d">2015-04-23</subfield>
    <subfield code="l">0</subfield>
    <subfield code="o">NC1000 P6618 1985</subfield>
    <subfield code="p">11 000369</subfield>
    <subfield code="r">2015-04-23</subfield>
    <subfield code="t">3</subfield>
    <subfield code="w">2015-04-23</subfield>
    <subfield code="y">LB</subfield>
  </datafield>
  <datafield tag="952" ind1=" " ind2=" ">
    <subfield code="0">0</subfield>
    <subfield code="1">0</subfield>
    <subfield code="2">lcc</subfield>
    <subfield code="4">0</subfield>
    <subfield code="7">0</subfield>
    <subfield code="a">11</subfield>
    <subfield code="b">11</subfield>
    <subfield code="d">2015-04-23</subfield>
    <subfield code="l">1</subfield>
    <subfield code="o">NC1000 P6618 1985</subfield>
    <subfield code="p">11 011756</subfield>
    <subfield code="r">2018-02-06</subfield>
    <subfield code="s">2018-02-06</subfield>
    <subfield code="t">3</subfield>
    <subfield code="w">2015-04-23</subfield>
    <subfield code="y">LB</subfield>
  </datafield>
  <datafield tag="952" ind1=" " ind2=" ">
    <subfield code="0">0</subfield>
    <subfield code="1">0</subfield>
    <subfield code="2">lcc</subfield>
    <subfield code="4">0</subfield>
    <subfield code="7">0</subfield>
    <subfield code="a">11</subfield>
    <subfield code="b">11</subfield>
    <subfield code="d">2015-04-23</subfield>
    <subfield code="l">0</subfield>
    <subfield code="o">NC1000 P6618 1985</subfield>
    <subfield code="p">11 011757</subfield>
    <subfield code="r">2015-04-23</subfield>
    <subfield code="t">4</subfield>
    <subfield code="w">2015-04-23</subfield>
    <subfield code="y">LB</subfield>
  </datafield>
  <datafield tag="952" ind1=" " ind2=" ">
    <subfield code="0">0</subfield>
    <subfield code="1">0</subfield>
    <subfield code="2">lcc</subfield>
    <subfield code="4">0</subfield>
    <subfield code="7">0</subfield>
    <subfield code="a">01</subfield>
    <subfield code="b">01</subfield>
    <subfield code="d">2022-11-01</subfield>
    <subfield code="l">0</subfield>
    <subfield code="o">NC1000 P6618 1985</subfield>
    <subfield code="p">16 002784</subfield>
    <subfield code="r">2023-07-13</subfield>
    <subfield code="t">Vol. 1 Ej. 1</subfield>
    <subfield code="w">2022-11-01</subfield>
    <subfield code="y">LB</subfield>
  </datafield>
  <datafield tag="952" ind1=" " ind2=" ">
    <subfield code="0">0</subfield>
    <subfield code="1">0</subfield>
    <subfield code="2">lcc</subfield>
    <subfield code="4">0</subfield>
    <subfield code="7">0</subfield>
    <subfield code="a">01</subfield>
    <subfield code="b">01</subfield>
    <subfield code="d">2022-11-01</subfield>
    <subfield code="l">0</subfield>
    <subfield code="o">NC1000 P6618 1985</subfield>
    <subfield code="p">16 002785</subfield>
    <subfield code="r">2023-07-13</subfield>
    <subfield code="t">Vol. 2 Ej. 1</subfield>
    <subfield code="w">2022-11-01</subfield>
    <subfield code="y">LB</subfield>
  </datafield>
  <datafield tag="952" ind1=" " ind2=" ">
    <subfield code="0">0</subfield>
    <subfield code="1">0</subfield>
    <subfield code="2">lcc</subfield>
    <subfield code="4">0</subfield>
    <subfield code="7">0</subfield>
    <subfield code="a">01</subfield>
    <subfield code="b">01</subfield>
    <subfield code="d">2022-11-01</subfield>
    <subfield code="l">0</subfield>
    <subfield code="o">NC1000 P6618 1985</subfield>
    <subfield code="p">16 002786</subfield>
    <subfield code="r">2023-07-13</subfield>
    <subfield code="t">Vol. 3 Ej. 1</subfield>
    <subfield code="w">2022-11-01</subfield>
    <subfield code="y">LB</subfield>
  </datafield>
  <datafield tag="952" ind1=" " ind2=" ">
    <subfield code="0">0</subfield>
    <subfield code="1">0</subfield>
    <subfield code="2">lcc</subfield>
    <subfield code="4">0</subfield>
    <subfield code="7">0</subfield>
    <subfield code="a">01</subfield>
    <subfield code="b">01</subfield>
    <subfield code="d">2022-11-01</subfield>
    <subfield code="l">0</subfield>
    <subfield code="o">NC1000 P6618 1985</subfield>
    <subfield code="p">16 002787</subfield>
    <subfield code="r">2023-07-13</subfield>
    <subfield code="t">Vol. 4 Ej. 1</subfield>
    <subfield code="w">2022-11-01</subfield>
    <subfield code="y">LB</subfield>
  </datafield>
  <datafield tag="999" ind1=" " ind2=" ">
    <subfield code="c">70739</subfield>
    <subfield code="d">70739</subfield>
  </datafield>
  <controlfield tag="008">120626s1985    sp            000 0 spa d</controlfield>
  <datafield tag="020" ind1=" " ind2=" ">
    <subfield code="a">8425211778</subfield>
  </datafield>
  <datafield tag="050" ind1=" " ind2=" ">
    <subfield code="a">NC1000</subfield>
    <subfield code="b">P6618 1985 </subfield>
  </datafield>
  <datafield tag="100" ind1=" " ind2=" ">
    <subfield code="a">Porter, Tom</subfield>
    <subfield code="e">autor</subfield>
  </datafield>
  <datafield tag="245" ind1=" " ind2=" ">
    <subfield code="a">Manual de t&#xE9;cnicas gr&#xE1;ficas para arquitectos, dise&#xF1;adores y artistas </subfield>
    <subfield code="c">/ Tom  Porter</subfield>
  </datafield>
  <datafield tag="260" ind1=" " ind2=" ">
    <subfield code="a">Espa&#xF1;a </subfield>
    <subfield code="b">: Gustavo Gili</subfield>
    <subfield code="c">1985</subfield>
  </datafield>
  <datafield tag="300" ind1=" " ind2=" ">
    <subfield code="a">128 p&#xE1;ginas</subfield>
    <subfield code="b">: ilustraciones</subfield>
  </datafield>
  <datafield tag="505" ind1=" " ind2=" ">
    <subfield code="a">VOL. 1
I. Superficie, l&#xED;nea y tono
II. Color: medios y m&#xE9;todos
III. Dibujos ortogonales y en perspectiva
IV. T&#xE9;cnicas de reproducci&#xF3;n e imitaci&#xF3;n
V. Presentaci&#xF3;n y exposici&#xF3;n
VOL. 2
I. Anatom&#xED;a de una imagen
II. Mec&#xE1;nicas de representaci&#xF3;n
III. T&#xE9;cnicas gr&#xE1;ficas fundamentales
IV. Gr&#xE1;ficos sin esfuerzo
V. La presentaci&#xF3;n
VOL. 3
I. Dise&#xF1;o de rotulaci&#xF3;n
II. Dibujo y dise&#xF1;o para reproducci&#xF3;n
III. Procesos b&#xE1;sicos de impresi&#xF3;n
IV. T&#xE9;cnicas de maquetismo
VOL 4.
I. Planta
II. Alzado
III. Secci&#xF3;n
IV. Axonometr&#xED;a e ixonometr&#xED;a
V. Perspectiva</subfield>
  </datafield>
  <datafield tag="519" ind1=" " ind2=" ">
    <subfield code="a">Material complementario / </subfield>
    <subfield code="b">Dise&#xF1;o y comunicaci&#xF3;n visual /</subfield>
    <subfield code="d">(11 004268)</subfield>
  </datafield>
  <datafield tag="519" ind1=" " ind2=" ">
    <subfield code="a">Material complementario /</subfield>
    <subfield code="d">16 002784</subfield>
  </datafield>
  <datafield tag="650" ind1=" " ind2=" ">
    <subfield code="a">ARTES GR&#xC1;FICAS</subfield>
    <subfield code="x">T&#xC9;CNICAS</subfield>
  </datafield>
  <datafield tag="942" ind1=" " ind2=" ">
    <subfield code="c">LB</subfield>
    <subfield code="2">lcc</subfield>
  </datafield>
</record>
